ՀՀ Գիտությունների ազգային ակադեմիայի հիմնարար գիտական գրադարան  =   Fundamental Scientific Library of NAS RA

Այրվող այգեստաններ : (Record no. 4678)

MARC details
000 -LEADER
fixed length control field 00770nam a2200217 a 4500
001 - CONTROL NUMBER
control field 000016626
003 - CONTROL NUMBER IDENTIFIER
control field AM-YEHGA
005 - DATE AND TIME OF LATEST TRANSACTION
control field 20250618070740.0
008 - FIXED-LENGTH DATA ELEMENTS--GENERAL INFORMATION
fixed length control field 980623s1966 ai |||||||||||||||||arm d
040 ## - CATALOGING SOURCE
Original cataloging agency AM-YeHGA
041 0# - LANGUAGE CODE
Language code of text/sound track or separate title arm
090 ## - LOCALLY ASSIGNED LC-TYPE CALL NUMBER (OCLC); LOCAL CALL NUMBER (RLIN)
-- 4716
100 1# - MAIN ENTRY--PERSONAL NAME
Personal name Մահարի, Գուրգեն Գրիգորի,
Dates associated with a name 1903-1969
9 (RLIN) 1424
245 10 - TITLE STATEMENT
Title Այրվող այգեստաններ :
Remainder of title [Վեպ] /
Statement of responsibility, etc. Գ.Գ. Մահարի; Խմբ.՝ Ս. Ա. Պայազատ.
260 ## - PUBLICATION, DISTRIBUTION, ETC.
Place of publication, distribution, etc. Երևան :
Name of publisher, distributor, etc. Հայաստան,
Date of publication, distribution, etc. 1966.
300 ## - PHYSICAL DESCRIPTION
Extent 621 էջ ;
Dimensions 22 սմ.
650 14 - SUBJECT ADDED ENTRY--TOPICAL TERM
Topical term or geographic name entry element Հայ գրականություն
General subdivision Վեպ
Geographic subdivision Վան
-- Վասպուրական
653 0# - INDEX TERM--UNCONTROLLED
Uncontrolled term Մեծ եղեռն
700 1# - ADDED ENTRY--PERSONAL NAME
Personal name Պայազատ, Սերգո Արտաշեսի,
Dates associated with a name 1909-1971
Relator term խմբ.
Relationship edt
942 ## - ADDED ENTRY ELEMENTS (KOHA)
Source of classification or shelving scheme Universal Decimal Classification
Koha item type Գրքեր / Books
Holdings
Withdrawn status Lost status Source of classification or shelving scheme Damaged status Not for loan Collection Home library Current library Date acquired Total checkouts Full call number Barcode Date last seen Cost, replacement price Price effective from Koha item type Public note Copy number
    Universal Decimal Classification     General Fundamental Scientific Library Fundamental Scientific Library 21/12/2016   AII/40373 FL0070432 21/12/2016 1.00 21/12/2016 Գրքեր / Books 30 Days Loan  
    Universal Decimal Classification     General Fundamental Scientific Library Fundamental Scientific Library 21/12/2016   AII/40374 FL0230329 21/12/2016   21/12/2016 Գրքեր / Books 30 Days Loan 891.981
    Universal Decimal Classification     General Fundamental Scientific Library Fundamental Scientific Library 21/12/2016   AII/40375 220040375 21/12/2016   21/12/2016 Գրքեր / Books 30 Days Loan 891.981
    Universal Decimal Classification     General Fundamental Scientific Library Fundamental Scientific Library 21/12/2016   AII/40376 220040376 21/12/2016   21/12/2016 Գրքեր / Books 30 Days Loan 891.981
    Universal Decimal Classification     Hovhannisian Individual Collection Fundamental Scientific Library Fundamental Scientific Library 18/07/2018   Հովհ/2445 FL0508244 18/07/2018   18/07/2018 Գրքեր / Books ILL Non-Circ.  
    Universal Decimal Classification     General Fundamental Scientific Library Fundamental Scientific Library 26/09/2019   AII/105204 FL0602072 26/09/2019   26/09/2019 Գրքեր / Books 30 Days Loan  


ՀՀ ԳԱԱ հիմնարար գիտական գրադարան
ՀՀ,Երևան 0019
Մարշալ Բաղրամյան 24/6
հեռախոս:(374-10) 52-47-50
Հետադարձ կապ

All site content, except where otherwise noted, is licensed under a
Creative Commons License